Jedno z možných potencionálnych rizík rozšírenia Európskej únie

Odlišnosti smerovania k modernému typu spoločnosti založenému na trhovej ekonomike v západnej a východnej Európe. Vznik nových národných štátov. Možné budúce potencionálne riziko.

Salvato in:
Dettagli Bibliografici
Autore principale: Kupkovič, Miroslav
Natura: Capitolo di libro
Lingua:slovacco
Soggetti:
Tags: Aggiungi Tag
Nessun Tag, puoi essere il primo ad aggiungerne!!

MARC

LEADER 00000naa$a2200000$$$4500
001 0026172
005 20240502071425.0
041 0 |a slo 
044 |a SK 
245 1 0 |a Jedno z možných potencionálnych rizík rozšírenia Európskej únie  |c Miroslav Kupkovič 
520 |a Odlišnosti smerovania k modernému typu spoločnosti založenému na trhovej ekonomike v západnej a východnej Európe. Vznik nových národných štátov. Možné budúce potencionálne riziko. 
610 2 0 |a Európa 
610 2 0 |a Európska únia 
610 2 0 |a politika národnostná 
610 2 0 |a história 
610 2 0 |a krajiny vyspelé 
610 2 0 |a národnosti 
610 2 0 |a vzťahy medzinárodné 
610 2 0 |a politika medzinárodná 
610 2 0 |a menšiny národnostné 
100 1 |a Kupkovič, Miroslav